000 00588nam a22001577a 4500
020 _qHard Cover.
082 _a621.3678
100 _aNaeem, Babar
245 _aApplication of HEC-RAS 2D for Reconstruction and Modeling of the Tori Dike Breach Flood Inundation in Northern Sindh during 2010 Flood in Pakistan /
_cBabar Naeem.
260 _aIslamabad:
_bSCEE - NUST,
_c2016.
300 _a95 p.:
_bill. ;
_c30cm.
650 _aRemote Sencing and GIS MS-Thesis.
_929139
700 _aDr. Muhammad Azmat
_929140
942 _2ddc
_cTHE
999 _c534781
_d534781